[Event "IV Festival A"]
[Site "Lido degli Estensi - Comacchio ITA"]
[Date "2003.06.11"]
[Round "5"]
[White "Wohl, Aleksandar H."]
[Black "Aldrovandi, Antonio"]
[Result "0-1"]
[WhiteElo "2401"]
[BlackElo "2220"]
[PlyCount "108"]
[EventDate "2003.06.06"]

1. Nf3 Nf6 2. c4 c5 3. g3 Nc6 4. d4 cxd4 5. Nxd4 g6 6. Bg2 Bg7 7. O-O O-O 8.
Nc2 d6 9. Nc3 Qa5 10. Nd5 Nxd5 11. cxd5 Nb8 12. Ne3 Qc7 13. a4 a5 14. Qb3 Na6
15. Bd2 Nc5 16. Qc2 Bd7 17. Bc3 Bxc3 18. Qxc3 Rfc8 19. Rfc1 Qd8 20. h4 Nxa4 21.
Qd4 Nc5 22. Qf4 b5 23. h5 Qf8 24. Rab1 Qg7 25. hxg6 fxg6 26. b4 axb4 27. Qxb4
Ra4 28. Qd2 Rca8 29. Nc2 Ra2 30. Qd1 Na4 31. Rb3 Rc8 32. Bf3 Rc5 33. Kg2 Qf6
34. Nb4 Rb2 35. Rxc5 Nxc5 36. Rxb2 Qxb2 37. Nc6 Qf6 38. Qb1 Kf7 39. Qxb5 Qf5
40. Qb4 h5 41. Qd2 Qf6 42. Qh6 Kg8 43. e4 Nd3 44. Qe3 Ne5 45. Nxe5 Qxe5 46. Be2
Kg7 47. Bd3 Qc3 48. Kh2 Qe5 49. Qa7 Bg4 50. Kg2 g5 51. Qe3 h4 52. gxh4 gxh4 53.
Be2 h3+ 54. Kg1 Bxe2 0-1

[Event "IV Festival A"]
[Site "Lido degli Estensi - Comacchio ITA"]
[Date "2003.06.11"]
[Round "5"]
[White "Zichichi, Alvise"]
[Black "Chabanon, Jean-Luc"]
[Result "0-1"]
[WhiteElo "2280"]
[BlackElo "2492"]
[PlyCount "74"]
[EventDate "2003.06.06"]

1. d4 Nf6 2. Nf3 d6 3. Nc3 g6 4. e4 Bg7 5. Be3 c6 6. Qd2 b5 7. Bd3 Bb7 8. Bh6
O-O 9. h4 e5 10. dxe5 dxe5 11. h5 Bxh6 12. Qxh6 Ng4 13. Qd2 Qf6 14. Rh4 Bc8 15.
Ke2 h6 16. hxg6 fxg6 17. Rxh6 Nxh6 18. Qxh6 Bg4 19. Rh1 Kf7 20. Ke1 Bxf3 21.
gxf3 Nd7 22. Qh7+ Qg7 23. Qh3 Rad8 24. Qg3 Rh8 25. Rg1 Qf6 26. Nd1 Rh4 27. Ne3
Rdh8 28. Bf1 Rh1 29. Rg2 R8h3 30. Qg4 Nf8 31. Qc8 Rxf3 32. Qc7+ Kg8 33. Ng4 Qf4
34. Qxe5 Re3+ 35. Kd1 Qxe5 36. Nxe5 Rxe4 37. Nxg6 Rxf1+ 0-1

[Event "IV Festival A"]
[Site "Lido degli Estensi - Comacchio ITA"]
[Date "2003.06.12"]
[Round "6"]
[White "Alberti, Andrea"]
[Black "Rigo, Gianfrancesco"]
[Result "1-0"]
[WhiteElo "2174"]
[BlackElo "2055"]
[PlyCount "95"]
[EventDate "2003.06.06"]

1. d4 e6 2. c4 Nf6 3. Nc3 Bb4 4. e3 O-O 5. Nf3 b6 6. Bd3 Bb7 7. O-O d5 8. a3
Bd6 9. b4 Ne4 10. Bb2 Nd7 11. c5 Be7 12. Qc2 Ndf6 13. Ne2 a5 14. Ne5 bxc5 15.
bxc5 Ne8 16. c6 Ba6 17. Nd7 Bd6 18. g3 Qg5 19. Nf4 N8f6 20. Nxf8 Kxf8 21. Bxa6
Rxa6 22. f3 Nxg3 23. hxg3 Qxg3+ 24. Qg2 Bxf4 25. exf4 Qxf4 26. Rac1 Rb6 27. Bc3
Rxc6 28. Bb4+ axb4 29. Rxc6 Qxd4+ 30. Qf2 Qxf2+ 31. Kxf2 bxa3 32. Rxc7 g6 33.
Ra1 Ne8 34. Rd7 Nf6 35. Rb7 h5 36. Rxa3 Ng8 37. Raa7 Nh6 38. Kg3 Kg7 39. Kh4
Kf6 40. Rb8 Nf5+ 41. Kh3 Nd6 42. Rg8 Nf5 43. Rd7 Nh6 44. Rh8 Nf5 45. Rh7 Ne7
46. f4 e5 47. Rd6+ Kf5 48. Rxf7+ 1-0

[Event "IV Festival A"]
[Site "Lido degli Estensi - Comacchio ITA"]
[Date "2003.06.12"]
[Round "6"]
[White "Astengo, Corrado"]
[Black "Solaroli, Riccardo"]
[Result "1/2-1/2"]
[WhiteElo "2165"]
[BlackElo "1777"]
[PlyCount "53"]
[EventDate "2003.06.06"]

1. e4 d5 2. exd5 Nf6 3. d4 Nxd5 4. Nf3 g6 5. c4 Nb6 6. Nc3 Bg7 7. h3 O-O 8. Be3
Nc6 9. Qd2 Re8 10. Be2 e5 11. d5 Nd4 12. b3 Nf5 13. O-O Nxe3 14. fxe3 e4 15.
Nd4 Qg5 16. Rf4 Bxh3 17. Bf1 Bf5 18. Nce2 Be5 19. Rf2 h5 20. Rd1 h4 21. Nxf5
gxf5 22. Nf4 Kh7 23. Qe2 Kh6 24. Nh3 Qg3 25. Nf4 Qg5 26. Nh3 Qg3 27. Nf4
1/2-1/2

[Event "IV Festival A"]
[Site "Lido degli Estensi - Comacchio ITA"]
[Date "2003.06.12"]
[Round "6"]
[White "Bukal, Vladimir jr"]
[Black "Trabert, Bettina"]
[Result "1/2-1/2"]
[WhiteElo "2396"]
[BlackElo "2292"]
[PlyCount "50"]
[EventDate "2003.06.06"]

1. d4 d5 2. Nc3 Nf6 3. Bg5 Nbd7 4. Qd2 c6 5. Nf3 h6 6. Bh4 e6 7. e3 Be7 8. Bd3
c5 9. O-O a6 10. a4 O-O 11. Rfe1 b6 12. Bg3 Bb7 13. e4 dxe4 14. Nxe4 Nxe4 15.
Bxe4 Bxe4 16. Rxe4 Nf6 17. Ree1 cxd4 18. Rad1 Qd7 19. Qxd4 Rfd8 20. Qxd7 Rxd7
21. Ne5 Rxd1 22. Rxd1 Rc8 23. c3 Kf8 24. Kf1 Ke8 25. Ke2 Nh5 1/2-1/2

[Event "IV Festival A"]
[Site "Lido degli Estensi - Comacchio ITA"]
[Date "2003.06.12"]
[Round "6"]
[White "Cebalo, Miso"]
[Black "Efimov, Igor"]
[Result "1-0"]
[WhiteElo "2524"]
[BlackElo "2477"]
[PlyCount "113"]
[EventDate "2003.06.06"]

1. d4 d5 2. c4 e6 3. Nc3 Be7 4. Nf3 Nf6 5. Bg5 Nbd7 6. e3 h6 7. Bh4 O-O 8. Rc1
c6 9. a3 a6 10. c5 e5 11. dxe5 Ne8 12. Bg3 Nxc5 13. Be2 Bf5 14. O-O Bh7 15. b4
Ne4 16. Nxe4 Bxe4 17. Nd2 Bf5 18. Nb3 Nc7 19. Bd3 Qd7 20. Bxf5 Qxf5 21. Na5 h5
22. h3 Ra7 23. f4 h4 24. Bf2 Qe4 25. Qc2 Nb5 26. Qxe4 dxe4 27. Rfd1 Rc8 28. Rd7
b6 29. Rxa7 Nxa7 30. Nc4 b5 31. Nd6 Bxd6 32. exd6 Rd8 33. Bxh4 Rxd6 34. f5 Rd3
35. Kf2 Rxa3 36. Rd1 a5 37. Rd8+ Kh7 38. Be7 axb4 39. Bxb4 Ra2+ 40. Kg3 Rc2 41.
Rd7 Nc8 42. Rxf7 Nb6 43. f6 c5 44. Rxg7+ Kh6 45. Rc7 Nd7 46. Rxd7 cxb4 47. Rd5
Kg6 48. Rxb5 Kxf6 49. Rxb4 Kf5 50. h4 Re2 51. Rb5+ Kf6 52. Rb3 Kg6 53. Kh3 Kf6
54. g3 Ke5 55. Kg4 Kd5 56. Ra3 Rf2 57. h5 1-0

[Event "IV Festival A"]
[Site "Lido degli Estensi - Comacchio ITA"]
[Date "2003.06.12"]
[Round "6"]
[White "Contin, Daniel"]
[Black "Kohlweyer, Bernd"]
[Result "1/2-1/2"]
[WhiteElo "2340"]
[BlackElo "2454"]
[PlyCount "73"]
[EventDate "2003.06.06"]

1. c4 g6 2. Nc3 c5 3. g3 Bg7 4. Bg2 Nc6 5. e3 b6 6. Nge2 Bb7 7. d3 Nf6 8. O-O
O-O 9. Rb1 e6 10. Nf4 Ne8 11. Qd2 Qb8 12. Nfe2 Ne5 13. e4 f5 14. f4 Nc6 15. b3
Nd4 16. Bb2 Bc6 17. Kh1 a5 18. Rbe1 Ra6 19. Nxd4 Bxd4 20. a4 Ra8 21. Nb5 Bxb2
22. Qxb2 Rf7 23. e5 Rg7 24. d4 cxd4 25. Nxd4 Bxg2+ 26. Qxg2 Nc7 27. Rd1 Na6 28.
Nb5 Nc5 29. Rd6 Ne4 30. Rd4 g5 31. Rxe4 fxe4 32. Qxe4 Qc8 33. Nd4 gxf4 34. Rxf4
Rb8 35. Qf3 Qc5 36. Qe4 Rf8 37. Rxf8+ 1/2-1/2

[Event "IV Festival A"]
[Site "Lido degli Estensi - Comacchio ITA"]
[Date "2003.06.12"]
[Round "6"]
[White "Kogan, Artur"]
[Black "Ortega, Lexy"]
[Result "1-0"]
[WhiteElo "2539"]
[BlackElo "2448"]
[PlyCount "85"]
[EventDate "2003.06.06"]

1. e4 c5 2. Nf3 d6 3. Nc3 Nf6 4. d4 cxd4 5. Nxd4 a6 6. Qf3 g6 7. h3 Bg7 8. Be3
Nc6 9. O-O-O Bd7 10. Nxc6 Bxc6 11. Nd5 Bxd5 12. exd5 O-O 13. Kb1 Qc7 14. g4
Rfc8 15. c3 b5 16. h4 Nd7 17. h5 Ne5 18. Qe4 Rab8 19. hxg6 hxg6 20. Rd4 Nc4 21.
Bxc4 bxc4 22. f4 Rb5 23. Rd2 Qa5 24. Bd4 Rxd5 25. Qxe7 Rxd4 26. Rxd4 Bxd4 27.
cxd4 Qd5 28. Qh4 Kf8 29. Ka1 Qf3 30. Qh8+ Ke7 31. Re1+ Kd7 32. Qf6 Qd5 33. Qe7+
Kc6 34. Qa7 Qa5 35. Rc1 Rc7 36. Rxc4+ Kd7 37. Rxc7+ Qxc7 38. Qxc7+ Kxc7 39. Kb1
Kc6 40. Kc2 Kb5 41. Kb3 f5 42. gxf5 gxf5 43. Kc3 1-0

[Event "IV Festival A"]
[Site "Lido degli Estensi - Comacchio ITA"]
[Date "2003.06.12"]
[Round "6"]
[White "Manca, Federico"]
[Black "Skembris, Spyridon"]
[Result "1/2-1/2"]
[WhiteElo "2350"]
[BlackElo "2448"]
[PlyCount "37"]
[EventDate "2003.06.06"]

1. e4 e5 2. Nf3 Nc6 3. Bc4 Nf6 4. d4 exd4 5. e5 d5 6. Bb5 Ne4 7. Nxd4 Bc5 8.
O-O Bxd4 9. Qxd4 O-O 10. Bxc6 bxc6 11. f3 Ng5 12. Bxg5 Qxg5 13. Nc3 Bf5 14. Rf2
a5 15. Nd1 f6 16. exf6 Qxf6 17. Qxf6 Rxf6 18. Ne3 Re8 19. Nxf5 1/2-1/2

[Event "IV Festival A"]
[Site "Lido degli Estensi - Comacchio ITA"]
[Date "2003.06.12"]
[Round "6"]
[White "Miladinovic, Igor"]
[Black "Borgo, Giulio"]
[Result "1-0"]
[WhiteElo "2533"]
[BlackElo "2425"]
[PlyCount "81"]
[EventDate "2003.06.06"]

1. d4 d5 2. c4 c6 3. cxd5 cxd5 4. Nc3 Nf6 5. Bf4 a6 6. e3 Nc6 7. Bd3 e6 8. Rc1
Bd7 9. Nf3 Be7 10. Ne5 Rc8 11. O-O O-O 12. h3 Na5 13. Qe2 Bc6 14. Rc2 Nd7 15.
Rfc1 Nxe5 16. dxe5 Qd7 17. Qg4 f5 18. exf6 Bxf6 19. b4 Nc4 20. Ne4 Ba4 21. Nc5
Rxc5 22. bxc5 Bxc2 23. Rxc2 Nb2 24. Bf1 Rc8 25. e4 dxe4 26. Bd6 Qc6 27. Qxe6+
Kh8 28. Qb3 Nd3 29. Bxd3 exd3 30. Qxd3 Rd8 31. Re2 b5 32. Re6 b4 33. Qf5 Bc3
34. Kh2 Qc8 35. Qe4 a5 36. c6 a4 37. c7 Rg8 38. Be5 Bxe5+ 39. Qxe5 b3 40. a3 b2
41. Rb6 1-0

[Event "IV Festival A"]
[Site "Lido degli Estensi - Comacchio ITA"]
[Date "2003.06.12"]
[Round "6"]
[White "Mozes, Ervin"]
[Black "Tomba, Ivan"]
[Result "1/2-1/2"]
[WhiteElo "2345"]
[BlackElo "2131"]
[PlyCount "136"]
[EventDate "2003.06.06"]

1. f4 Nf6 2. g3 c5 3. Bg2 g6 4. Nf3 Bg7 5. O-O Nc6 6. d3 O-O 7. e4 d6 8. Nc3
Rb8 9. h3 Ne8 10. Ne2 b5 11. g4 f5 12. Nh2 Nd4 13. c3 Nxe2+ 14. Qxe2 e6 15. Be3
Qe7 16. Rae1 Nf6 17. exf5 exf5 18. g5 Nh5 19. Bd5+ Kh8 20. Qf2 Qc7 21. d4 c4
22. Bf3 Bb7 23. d5 Qf7 24. Rd1 a6 25. Rfe1 Rfe8 26. Nf1 Kg8 27. h4 Ba8 28. a3
a5 29. Bc1 Rxe1 30. Qxe1 Bh8 31. Bxh5 gxh5 32. Qe6 Re8 33. Qxf7+ Kxf7 34. Ne3
Kg6 35. Kf2 Re4 36. Kf3 a4 37. Nc2 Bg7 38. Nb4 Bb7 39. Be3 Re8 40. Rd2 Rc8 41.
Re2 Re8 42. Bd4 Rxe2 43. Kxe2 Bf8 44. Bf6 Kf7 45. Ke3 Bc8 46. Kd4 Bg7 47. Bxg7
Kxg7 48. Nc6 Bd7 49. Ke3 Kf7 50. Ke2 Kg7 51. Kd2 Kf7 52. Nd4 Ke7 53. Nc2 Kf8
54. Ne3 Ke7 55. Kc1 Kd8 56. Kb1 Kc7 57. Kc1 Kb6 58. Nf1 Be8 59. Ne3 Bg6 60. Kd2
Kc7 61. Nc2 Kb6 62. Ke3 Kc7 63. Nd4 Kb6 64. Nc6 Kc7 65. Kd2 Kb6 66. Nb4 Kc7 67.
Nc2 Kb6 68. Ne3 Kc7 1/2-1/2

[Event "IV Festival A"]
[Site "Lido degli Estensi - Comacchio ITA"]
[Date "2003.06.12"]
[Round "6"]
[White "Muscolino, Attilio"]
[Black "Di Lazzaro, Gabriele"]
[Result "1/2-1/2"]
[WhiteElo "2155"]
[BlackElo "1996"]
[PlyCount "47"]
[EventDate "2003.06.06"]

1. e4 d5 2. exd5 Qxd5 3. Nc3 Qa5 4. d4 Nf6 5. Nf3 c6 6. Bc4 Bf5 7. Bd2 e6 8.
Qe2 Bb4 9. O-O-O Nbd7 10. a3 Bxc3 11. Bxc3 Qc7 12. Ne5 Nxe5 13. dxe5 Nd5 14.
Bd2 O-O 15. g4 Bg6 16. h4 b5 17. Bxd5 cxd5 18. Bc3 Qc4 19. Qxc4 bxc4 20. f3 h5
21. g5 Rab8 22. Rh2 Rb7 23. Rf2 Rfb8 24. Rh2 1/2-1/2

[Event "IV Festival A"]
[Site "Lido degli Estensi - Comacchio ITA"]
[Date "2003.06.12"]
[Round "6"]
[White "Ori, Marco"]
[Black "Radovanovic, Jovica"]
[Result "0-1"]
[WhiteElo "2077"]
[BlackElo "2233"]
[PlyCount "60"]
[EventDate "2003.06.06"]

1. e4 c5 2. Nf3 d6 3. d4 cxd4 4. Nxd4 Nf6 5. Nc3 Nc6 6. Bc4 Qb6 7. Nxc6 bxc6 8.
O-O e6 9. Qe2 Be7 10. b3 O-O 11. Na4 Qc7 12. f4 Nxe4 13. Bd3 Nf6 14. Bb2 c5 15.
Rf3 Bb7 16. Rg3 g6 17. f5 e5 18. Rf1 e4 19. Qe3 exd3 20. Qh6 Bd8 21. Bxf6 Bxf6
22. Rh3 Rfe8 23. Qxh7+ Kf8 24. Rg3 g5 25. Qh6+ Ke7 26. Rxd3 Bd4+ 27. Kh1 Kd8
28. Qxg5+ Qe7 29. Qd2 Qe2 30. Qg5+ f6 0-1

[Event "IV Festival A"]
[Site "Lido degli Estensi - Comacchio ITA"]
[Date "2003.06.12"]
[Round "6"]
[White "Pircher, Karl"]
[Black "Ronchetti, Niccolo'"]
[Result "0-1"]
[WhiteElo "2058"]
[BlackElo "2224"]
[PlyCount "56"]
[EventDate "2003.06.06"]

1. d4 Nf6 2. c4 e6 3. Nc3 Bb4 4. Qc2 c5 5. dxc5 Bxc5 6. Nf3 Qb6 7. e3 Qc7 8.
Be2 a6 9. O-O Be7 10. e4 d6 11. Re1 O-O 12. Bg5 Nbd7 13. Rad1 b6 14. Bf1 Bb7
15. h3 Rfd8 16. Bh4 Rac8 17. Qb1 Qb8 18. Nd4 Ne5 19. f4 Nxc4 20. b3 Na5 21. Qd3
Nxe4 22. Bxe7 Rxc3 23. Qb1 Re8 24. Bh4 d5 25. Ne2 Rcc8 26. Qb2 Nc6 27. g4 Nb4
28. Rc1 Nd3 0-1

[Event "IV Festival A"]
[Site "Lido degli Estensi - Comacchio ITA"]
[Date "2003.06.12"]
[Round "6"]
[White "Sarno, Spartaco"]
[Black "Timoscenko, Gennadij A."]
[Result "0-1"]
[WhiteElo "2425"]
[BlackElo "2533"]
[PlyCount "68"]
[EventDate "2003.06.06"]

1. c4 g6 2. d4 Bg7 3. e4 d6 4. Nc3 Nf6 5. f3 O-O 6. Be3 a6 7. Qd2 Nbd7 8. Nge2
c5 9. O-O-O Qa5 10. Kb1 b5 11. Nd5 Nxd5 12. cxd5 Qxd2 13. Rxd2 Nb6 14. Nc3 c4
15. a3 Bd7 16. Bg5 Rfe8 17. g3 a5 18. Na2 h6 19. Be3 Reb8 20. Bg2 b4 21. axb4
axb4 22. Nxb4 Na4 23. Nc6 Rb3 24. Re1 c3 25. Rf2 cxb2 26. f4 Nc3+ 27. Kc2 b1=Q+
28. Rxb1 Rxb1 29. Kxc3 Ra3+ 30. Kc2 Rb6 31. Bd2 Bxc6 32. dxc6 Rxc6+ 33. Kb2
Bxd4+ 34. Kxa3 Bxf2 0-1

[Event "IV Festival A"]
[Site "Lido degli Estensi - Comacchio ITA"]
[Date "2003.06.12"]
[Round "6"]
[White "Shytaj, Luca"]
[Black "Golod, Vitali"]
[Result "0-1"]
[WhiteElo "2327"]
[BlackElo "2538"]
[PlyCount "46"]
[EventDate "2003.06.06"]

1. e4 c5 2. Nf3 Nc6 3. d4 cxd4 4. Nxd4 Qb6 5. Nb3 Nf6 6. Nc3 e6 7. Be3 Qc7 8.
Bd3 a6 9. f4 d6 10. Qf3 b5 11. g4 Bb7 12. g5 Nd7 13. O-O-O Nc5 14. Kb1 Nb4 15.
Rhe1 Nbxd3 16. cxd3 b4 17. Ne2 Nxb3 18. axb3 a5 19. f5 e5 20. Bd2 a4 21. Bxb4
axb3 22. Nc3 d5 23. Bxf8 Kxf8 0-1

[Event "IV Festival A"]
[Site "Lido degli Estensi - Comacchio ITA"]
[Date "2003.06.12"]
[Round "6"]
[White "Thompson, Ian D."]
[Black "Vassallo Barroche, Mauricio"]
[Result "0-1"]
[WhiteElo "2290"]
[BlackElo "2440"]
[PlyCount "102"]
[EventDate "2003.06.06"]

1. c4 Nf6 2. Nc3 e5 3. g3 Bb4 4. Bg2 O-O 5. Nf3 Re8 6. O-O c6 7. Qc2 h6 8. a3
Bf8 9. e4 d6 10. b3 Nbd7 11. Bb2 a6 12. d4 b5 13. cxb5 axb5 14. dxe5 dxe5 15.
Rfd1 Qb6 16. b4 Bb7 17. Qe2 Rab8 18. Bh3 Bc8 19. Bf1 Qb7 20. Rac1 Nb6 21. Nd2
Bg4 22. f3 Be6 23. Qe3 Nfd7 24. Ncb1 Na4 25. Ba1 c5 26. Nc3 cxb4 27. axb4 Nxc3
28. Bxc3 Rec8 29. Nb1 Ra8 30. Be1 Bc4 31. Bh3 Rc7 32. Kh1 Ra4 33. Nc3 Ra3 34.
Ra1 Rb3 35. Qd2 Nf6 36. Rab1 Rxc3 37. Qxc3 Be6 38. Qxe5 Bxh3 39. Rd6 Re7 40.
Qd4 Rd7 41. Rxd7 Qxd7 42. Qe3 Qe6 43. Qe2 Qc6 44. g4 h5 45. gxh5 Nxh5 46. Bg3
Qc3 47. Qd1 Be7 48. Ra1 Qb2 49. Ra8+ Kh7 50. Qg1 Qe2 51. Ra3 Bxb4 0-1

[Event "IV Festival A"]
[Site "Lido degli Estensi - Comacchio ITA"]
[Date "2003.06.12"]
[Round "6"]
[White "Valenti, Giuseppe"]
[Black "Sulava, Nenad"]
[Result "1-0"]
[WhiteElo "2226"]
[BlackElo "2516"]
[PlyCount "95"]
[EventDate "2003.06.06"]

1. e4 c5 2. Nf3 a6 3. d4 cxd4 4. Nxd4 Nf6 5. Bd3 d6 6. c4 Nc6 7. Nf3 Bg4 8. O-O
g6 9. Nc3 Bg7 10. Be3 O-O 11. h3 Bxf3 12. Qxf3 Re8 13. Rac1 Nd7 14. Qe2 e6 15.
Rfd1 Qe7 16. Qd2 Nce5 17. b3 f5 18. Be2 Nf7 19. exf5 gxf5 20. Bh5 Nde5 21. Ne2
Kh8 22. Nf4 Rg8 23. Qe2 Ng5 24. Kh1 Bf6 25. Rc2 Ne4 26. Bf3 Nxf3 27. Qxf3 b5
28. Ne2 bxc4 29. bxc4 Rg7 30. Bh6 Rg6 31. Be3 Rag8 32. Nf4 Rg5 33. Rb1 Be5 34.
Rg1 R5g7 35. Nd3 Bf6 36. c5 d5 37. c6 d4 38. Bf4 Nc3 39. Ne5 Qc5 40. Nd7 Qe7
41. Nxf6 Qxf6 42. Rxc3 dxc3 43. Qe3 c2 44. Be5 f4 45. Qc3 Qg6 46. f3 Rc8 47.
Bxg7+ Qxg7 48. Qxc2 1-0

[Event "IV Festival A"]
[Site "Lido degli Estensi - Comacchio ITA"]
[Date "2003.06.13"]
[Round "7"]
[White "Barletta, Antonio"]
[Black "Thompson, Ian D."]
[Result "1/2-1/2"]
[WhiteElo "2070"]
[BlackElo "2290"]
[PlyCount "141"]
[EventDate "2003.06.06"]

1. e4 e6 2. d4 d5 3. Nc3 Bb4 4. Nge2 dxe4 5. a3 Bxc3+ 6. Nxc3 Nc6 7. Bb5 Nge7
8. Nxe4 O-O 9. c3 e5 10. dxe5 Qxd1+ 11. Kxd1 Nxe5 12. Re1 a6 13. Bf1 Bf5 14.
Bf4 N7g6 15. Bxe5 Nxe5 16. Ng3 Rad8+ 17. Kc1 Rfe8 18. Rd1 Bd3 19. b3 Bxf1 20.
Rxf1 Nd3+ 21. Kc2 Nf4 22. Rg1 h5 23. Rad1 Rxd1 24. Kxd1 h4 25. Nf5 Ne2 26. Rf1
Nxc3+ 27. Kc2 Nb5 28. a4 Re5 29. Nxh4 Nd4+ 30. Kc3 c5 31. g3 Re2 32. b4 b6 33.
a5 Nb5+ 34. Kd3 Re6 35. bxc5 bxc5 36. Rc1 Rc6 37. Nf5 Kf8 38. Ke4 g6 39. Ne3
Ke7 40. Kd5 Kd7 41. Rxc5 Rd6+ 42. Kc4 Nd4 43. Rd5 Nc6 44. Kc5 Rxd5+ 45. Nxd5
Nxa5 46. h4 Nb7+ 47. Kb6 Nd6 48. Kxa6 Ne4 49. Kb5 Nxf2 50. Kc4 Ke6 51. Kd4 Ng4
52. Ne3 Ne5 53. Ke4 f6 54. Kf4 Nd3+ 55. Ke4 Nf2+ 56. Kf3 Nd3 57. Ke4 Nc5+ 58.
Kf4 Kf7 59. Nd5 Nd3+ 60. Kf3 Nc5 61. Kf4 Ne6+ 62. Ke4 Ng7 63. Kf4 Ke6 64. Ne3
Nh5+ 65. Kf3 f5 66. g4 fxg4+ 67. Kxg4 Kf6 68. Nd5+ Kg7 69. Kg5 Ng3 70. Nf4 Ne4+
71. Kg4 1/2-1/2

[Event "IV Festival A"]
[Site "Lido degli Estensi - Comacchio ITA"]
[Date "2003.06.13"]
[Round "7"]
[White "Blagojevic, Dragisa"]
[Black "Mrdja, Milan"]
[Result "1-0"]
[WhiteElo "2548"]
[BlackElo "2353"]
[PlyCount "95"]
[EventDate "2003.06.06"]

1. d4 d6 2. Nf3 g6 3. c4 Bg7 4. Nc3 Nf6 5. g3 O-O 6. Bg2 c6 7. O-O Qa5 8. e4 e5
9. h3 exd4 10. Nxd4 Ne8 11. Be3 Nd7 12. Qc2 Nc5 13. a3 Ne6 14. Nde2 Qh5 15. f4
f5 16. Rad1 Bf6 17. b4 N6g7 18. c5 Be7 19. cxd6 Bxd6 20. e5 Bc7 21. b5 Bb6 22.
Nd4 Ne6 23. bxc6 bxc6 24. Qf2 Bxd4 25. Bxd4 Nxd4 26. Rxd4 Be6 27. h4 Qh6 28.
Bxc6 Rc8 29. Qf3 Qg7 30. Rfd1 Qe7 31. Nd5 Qc5 32. Bxe8 Bxd5 33. Qxd5+ Qxd5 34.
Rxd5 Rfxe8 35. Kf2 Re7 36. Rd8+ Rxd8 37. Rxd8+ Kf7 38. h5 gxh5 39. Rd6 Rb7 40.
Rf6+ Kg7 41. Rxf5 Rb2+ 42. Kf3 Rb3+ 43. Ke4 Rxg3 44. Rxh5 Rxa3 45. Rg5+ Kf7 46.
Rf5+ Kg8 47. e6 Ra1 48. Ke5 1-0

[Event "IV Festival A"]
[Site "Lido degli Estensi - Comacchio ITA"]
[Date "2003.06.13"]
[Round "7"]
[White "Cetkovic, Sergio"]
[Black "Shytaj, Luca"]
[Result "0-1"]
[WhiteElo "2115"]
[BlackElo "2327"]
[PlyCount "90"]
[EventDate "2003.06.06"]

1. d4 Nf6 2. Nf3 g6 3. Bg5 Bg7 4. Nbd2 d5 5. Bxf6 exf6 6. e3 O-O 7. Bd3 Nd7 8.
O-O c5 9. dxc5 Nxc5 10. Nb3 Ne6 11. c3 f5 12. Nbd4 f4 13. exf4 Nxf4 14. Ne2 Qf6
15. Nxf4 Qxf4 16. Qd2 Qxd2 17. Nxd2 d4 18. c4 Be6 19. b3 Rfe8 20. h3 Bf8 21.
Rad1 Rad8 22. Nf3 Bc5 23. Ng5 Bc8 24. Rfe1 Bb4 25. Rxe8+ Rxe8 26. Kf1 f5 27.
Be2 Bc3 28. Nf3 Rd8 29. Ne5 Kg7 30. Nd3 b6 31. Bf3 g5 32. Bd5 Kf6 33. Nc1 Ba6
34. Nd3 b5 35. Nc5 bxc4 36. Nxa6 Rxd5 37. bxc4 Ra5 38. Nc7 Rxa2 39. c5 Ra5 40.
Nd5+ Ke5 41. Nxc3 dxc3 42. Ke2 Rxc5 43. Re1 Kd4 44. Kd1 Re5 45. Rf1 Ra5 0-1

[Event "IV Festival A"]
[Site "Lido degli Estensi - Comacchio ITA"]
[Date "2003.06.13"]
[Round "7"]
[White "Crippa, Gabriele"]
[Black "Mozes, Ervin"]
[Result "0-1"]
[WhiteElo "2120"]
[BlackElo "2345"]
[PlyCount "116"]
[EventDate "2003.06.06"]

1. d4 f5 2. Bf4 d6 3. e3 c6 4. Nd2 Nf6 5. c3 g6 6. h4 Bg7 7. h5 Nxh5 8. Rxh5
gxh5 9. Qxh5+ Kf8 10. Bh6 e6 11. Nh3 Qf6 12. Bg5 Qf7 13. Qh4 h6 14. Bd8 Ke8 15.
Be2 Kd7 16. Bh5 Qf8 17. Ba5 Bf6 18. Qf4 Na6 19. c4 b6 20. Bc3 Kc7 21. Qh2 Qg7
22. Bf3 e5 23. Nb3 Be6 24. Be2 Kb7 25. c5 dxc5 26. dxe5 Bg5 27. Nf4 Bxf4 28.
Qxf4 Qxg2 29. O-O-O Qe4 30. Rd6 Qxf4 31. exf4 Nc7 32. Bf3 Bd5 33. Nd2 Nb5 34.
Rd7+ Nc7 35. e6 Bxe6 36. Rd6 Rad8 37. Rxc6 Kc8 38. Bxh8 Rxh8 39. Rd6 Rh7 40.
Bc6 h5 41. Nf3 Bxa2 42. Rf6 Nd5 43. Rxf5 Ne7 44. Rf8+ Kc7 45. Be4 Rf7 46. Ra8
Nc8 47. f5 Re7 48. Ng5 Rxe4 49. Nxe4 Kb7 50. Rxc8 Kxc8 51. f6 Kd7 52. Ng5 a5
53. Kd2 a4 54. f4 Bd5 55. f5 b5 56. Ke3 b4 57. Kf4 a3 58. bxa3 bxa3 0-1

[Event "IV Festival A"]
[Site "Lido degli Estensi - Comacchio ITA"]
[Date "2003.06.13"]
[Round "7"]
[White "De Vita, Igor"]
[Black "Popa, Claudiu"]
[Result "1/2-1/2"]
[WhiteElo "2158"]
[BlackElo "2122"]
[PlyCount "136"]
[EventDate "2003.06.06"]

1. d4 d5 2. c4 dxc4 3. Nc3 e6 4. e4 c5 5. d5 Nf6 6. Bxc4 exd5 7. Nxd5 Nxd5 8.
Bxd5 Be7 9. Nf3 O-O 10. O-O Qb6 11. Ne5 Be6 12. Bf4 Rd8 13. Qf3 Bxd5 14. exd5
Bf6 15. Rfd1 Bxe5 16. Bxe5 Nd7 17. Bc3 Qg6 18. a4 b6 19. Qf4 a6 20. Qc7 Qf5 21.
Re1 Re8 22. Qb7 Reb8 23. Qc6 Rc8 24. Qd6 Re8 25. h3 h5 26. Qc6 Rec8 27. Qb7
Rcb8 28. Qc7 Re8 29. d6 Rec8 30. Qb7 Rcb8 31. Qc6 Rc8 32. Qe4 Qxe4 33. Rxe4 Re8
34. Rae1 Rxe4 35. Rxe4 Rd8 36. Rh4 Nf6 37. Bxf6 gxf6 38. Rxh5 Rxd6 39. a5 bxa5
40. Rxc5 Rd1+ 41. Kh2 Rd2 42. Kg3 Rxb2 43. Rxa5 Rb6 44. f4 Kg7 45. Kf3 Kg6 46.
Kg4 Rc6 47. f5+ Kh6 48. Kh4 Rc4+ 49. g4 Rc6 50. Rd5 Kg7 51. Ra5 Kh6 52. Ra3 Rb6
53. Kg3 Kg5 54. h4+ Kh6 55. Kf3 Rc6 56. Ra4 Rb6 57. Kf4 Rc6 58. Ke4 Rb6 59. Kd5
Kg7 60. g5 Rb5+ 61. Ke4 fxg5 62. hxg5 a5 63. Rd4 Rb4 64. Rxb4 axb4 65. Kd4 Kf8
66. Kc4 Ke7 67. Kxb4 Kd6 68. Kc4 Ke5 1/2-1/2

[Event "IV Festival A"]
[Site "Lido degli Estensi - Comacchio ITA"]
[Date "2003.06.13"]
[Round "7"]
[White "Di Lazzaro, Gabriele"]
[Black "Astengo, Corrado"]
[Result "1/2-1/2"]
[WhiteElo "1996"]
[BlackElo "2165"]
[PlyCount "50"]
[EventDate "2003.06.06"]

1. e4 c5 2. c3 d5 3. exd5 Qxd5 4. d4 Nf6 5. Nf3 Bg4 6. Be2 e6 7. Na3 Nc6 8. Be3
cxd4 9. Nb5 Rc8 10. Nbxd4 Be7 11. Qa4 a6 12. Nxc6 Rxc6 13. Rd1 Qe4 14. Qb3 Rd6
15. O-O O-O 16. h3 Bh5 17. Ng5 Qc6 18. Bxh5 Nxh5 19. Rxd6 Bxd6 20. Rd1 Bf4 21.
Qc2 g6 22. Qd3 Bxe3 23. Qxe3 Nf6 24. Qd4 Qd5 25. Qxd5 Nxd5 1/2-1/2

[Event "IV Festival A"]
[Site "Lido degli Estensi - Comacchio ITA"]
[Date "2003.06.13"]
[Round "7"]
[White "Efimov, Igor"]
[Black "Tomescu, Vlad"]
[Result "1/2-1/2"]
[WhiteElo "2477"]
[BlackElo "2412"]
[PlyCount "37"]
[EventDate "2003.06.06"]

1. d4 Nf6 2. c4 g6 3. g3 Bg7 4. Bg2 O-O 5. Nc3 d6 6. Nf3 c6 7. b3 e5 8. dxe5
dxe5 9. Qxd8 Rxd8 10. Bb2 e4 11. Nd2 e3 12. fxe3 Ng4 13. Nf1 Re8 14. e4 Nd7 15.
h3 Ngf6 16. O-O-O Nc5 17. Nd2 Nh5 18. Nf1 Nf6 19. Nd2 1/2-1/2

[Event "IV Festival A"]
[Site "Lido degli Estensi - Comacchio ITA"]
[Date "2003.06.13"]
[Round "7"]
[White "Emami, Madjid"]
[Black "Franchini, Gabriele"]
[Result "0-1"]
[WhiteElo "2031"]
[BlackElo "2178"]
[PlyCount "114"]
[EventDate "2003.06.06"]

1. e4 e6 2. d3 b5 3. Nd2 c5 4. Ngf3 d6 5. g3 Bb7 6. Bg2 Nf6 7. O-O Be7 8. Re1
Nbd7 9. Qe2 Qb6 10. a4 a6 11. axb5 axb5 12. Rxa8+ Bxa8 13. c3 O-O 14. d4 cxd4
15. cxd4 Rc8 16. Bf1 b4 17. Qd3 Bb7 18. Nc4 Qc7 19. Bg5 h6 20. Bxf6 Nxf6 21. e5
d5 22. Ne3 Ne4 23. Ra1 Qb6 24. h4 Ra8 25. Rxa8+ Bxa8 26. Kg2 f6 27. exf6 Bxf6
28. Ng4 Bc6 29. Nfe5 Be8 30. f3 Nd6 31. Ne3 Nb5 32. Qc2 Nd6 33. Qd2 Bb5 34.
Bxb5 Qxb5 35. N5g4 h5 36. Nxf6+ gxf6 37. Qc2 Kg7 38. b3 Qb6 39. Qb2 Qb8 40. Kh3
Qb6 41. Nc2 Qa6 42. Ne3 Qa3 43. Qc2 Qa1 44. g4 Qxd4 45. gxh5 Qxe3 46. Qg6+ Kf8
47. Qxf6+ Nf7 48. Kg2 Qh6 49. Qd4 Qg7+ 50. Qg4 Nh6 51. Qg5 Nf5 52. Kf2 Qd4+ 53.
Ke2 Qxh4 54. Qc1 Nd4+ 55. Kd3 Nf5 56. Qc8+ Kf7 57. Qh8 Qf6 0-1